El órgano de la risa (y otros diábolos) (notice nᵒ 5508)
[ vue normale ]
| 000 -Sello discográfico | |
|---|---|
| campo de control de longitud fija | 00976nam0a2200289 4500 |
| 005 - Identificación de versión | |
| campo de control | 20251016084457.0 |
| 010 ## - Número Estándar Internacional de Libros (ISBN) | |
| Número (ISBN) | 978-970-35-1478-6 (CNCA) |
| 010 ## - Número Estándar Internacional de Libros (ISBN) | |
| Número (ISBN) | 978-970-714-147-6 (Aldus) |
| 035 ## - Otros números de control del sistema | |
| Número de control del sistema | 32884 |
| 099 ## - fechas locales | |
| Tipo de ítem Koha | LIBRO |
| 100 ## - Datos de procesamiento general | |
| Datos de procesamiento general | 20111212d2008 m y0spay5003 ba |
| 105 ## - Campo de datos codificados: Material textual, monográfico | |
| Datos codificados de monografía | y 001gy |
| 200 1# - Título y mención de responsabilidad | |
| Título propio | El órgano de la risa (y otros diábolos) |
| Designación general del material | texto impreso |
| Primer mención de responsabilidad | Heriberto Yépez |
| Declaración de responsabilidad subsiguiente | prólogo Eduardo Espina |
| 210 ## - Publicación, distribución, etc. | |
| Lugar de publicación, distribución, etc. | México |
| Nombre del editor, distribuidor, etc. | Consejo Nacional para la Cultura y las Artes |
| -- | Editorial Aldus |
| Fecha de publicación, distribución, etc. | 2008 |
| 215 ## - Descripción física | |
| Designación de material específico y extensión del ítem | 75 p |
| Dimensiones | 24 cm |
| 300 ## - Notas generales | |
| Texto de la nota | Premio Nacional de Poesía Experimental "Raúl Renán" |
| 345 ## - Nota de información de adquisición | |
| Fuente de adquisición/dirección de la suscripción [OBSOLETO] | Donación 'Salon du Livre 2009' |
| 410 #1 - Series | |
| Título | Aldus |
| Nombre de parte o sección | Poesía |
| 700 ## - Nombre personal - Responsabilidad primaria | |
| Elemento de entrada | Yépez |
| Parte del nombre distinta del elemento de entrada | Heriberto |
| Fechas | 1974- |
| Número Koha | 10753 |
| 702 ## - Nombre personal - Responsabilidad secundaria | |
| Elemento de entrada | Espina |
| Parte del nombre distinta del elemento de entrada | Eduardo |
| Número Koha | 10754 |
| 801 #0 - Fuente de origen | |
| País | FR |
| Agencia | cm |
| Reglas de catalogación (convenciones descriptivas) | AFNOR |
| 900 ## - | |
| -- | 1/20971 |
| 942 ## - ELEMENTOS DE ENTRADA SECUNDARIOS (KOHA) | |
| Tipo de ítem Koha | Livre |
| 996 ## - | |
| -- | MEX |
| -- | 751145101 |
| -- | MMAG |
| -- | 000900 |
| -- | 863.92 Y47O |
| -- | 20111212LIV |
| Estatus retirado | Estado de daño | Estado de pérdida | Fecha de adquisición | Biblioteca de origen | Biblioteca actual | Ubicación en estantería | Código de barras | Precio de reemplazo | Signatura topográfica completa | No para préstamo | Tipo de ítem Koha | Nota pública | Nota no pública |
|---|---|---|---|---|---|---|---|---|---|---|---|---|---|
| 05/08/2025 | Casa México Paris | Casa México Paris | 000900 | 05/08/2025 | 863.92 Y47O | Livre | 20111212LIV | 751145101 |